Ingeborg Bachmanns "ganze Gerechtigkeit" /

Hlavní autor: Wandruszka, Maria Luisa, 1950-
Jazyk: Němčina
Vydáno: Wien : Passagen, c2011
Edice: Passagen Literaturtheorie
Témata:
Fyzický popis: 157 s. ; 24 cm
Knihy
Uloženo v:
LEADER 01423nam a2200397 a 4500
001 001278977
003 CZ BrMZK
005 20130319073047.0
007 ta
008 130213s2011 au e 000 0dger
020 |a 978-3-7092-0005-6  |q (brož.) 
035 |a (OCoLC)764561007 
040 |a BOA001  |b cze 
045 |a x2x7 
072 7 |a 821.112.2.09  |x Německá literatura, německy psaná (o ní)  |2 Konspekt  |9 11 
080 |a 821.112.2(436)-055.2  |2 MRF 
080 |a 821.112.2(436)  |2 MRF 
080 |a 82.09  |2 MRF 
080 |a (048.8)  |2 MRF 
100 1 |a Wandruszka, Maria Luisa,  |d 1950-  |7 mzk2013748277  |4 aut 
245 1 0 |a Ingeborg Bachmanns "ganze Gerechtigkeit" /  |c Marie Luise Wandruszka 
260 |a Wien :  |b Passagen,  |c c2011 
300 |a 157 s. ;  |c 24 cm 
490 1 |a Passagen Literaturtheorie 
504 |a Obsahuje bibliografické odkazy 
600 1 7 |a Bachmann, Ingeborg,  |d 1926-1973  |7 jn19981000185  |2 czenas 
648 4 |a 1926-1973 
650 0 7 |a rakouské spisovatelky  |7 ph125020  |y 20. stol.  |2 czenas 
650 0 7 |a rakouská literatura  |7 ph125011  |y 20. stol.  |2 czenas 
650 0 7 |a literárněvědné rozbory  |7 ph138745  |2 czenas 
655 7 |a studie  |7 fd133597  |2 czenas 
830 0 |a Passagen Literaturtheorie 
910 2 |a BOA001  |b RK-0006.118 
990 |a BK 
991 |b 201303  |c NOV  |e n  |x 33 
996 7 |b 261A007354  |c RK-0006.118  |l Rakouská knihovna/2.patro  |r ZHR  |n 0  |p dar  |h LW-bac  |w 001313205  |u 000010  |a 0  |e BOA001  |j MZK50  |s A